000 00315nam a2200121 a 4500
005 20140414131855.0
008 100901s19uu xx 00 eng d
050 _aFIL
_bSi3 2009
100 _aMatias, Segundo
245 _aSikat ang mommy ko!.
260 _aManila, Philippines :
_bLampara,
_c2009.
999 _c110428
_d110428